[Event "Wuerttemberg-ch U16/18 Girls"]
[Site "Friedrichshafen"]
[Date "2005.03.30"]
[Round "4"]
[White "Rapp, Franziska"]
[Black "Kern, Michaela"]
[Result "1-0"]
[WhiteElo "1191"]
[BlackElo "966"]
[PlyCount "75"]
[EventDate "2005.03.29"]
[EventType "swiss"]
[EventRounds "7"]
[EventCountry "GER"]
[SourceTitle "EXT 2007"]
[Source "ChessBase"]
[SourceDate "2006.11.23"]
[SourceVersion "1"]
[SourceVersionDate "2006.11.23"]
[SourceQuality "1"]

1. d4 d5 2. e3 e6 3. Bd3 c5 4. Bb5+ Bd7 5. Qe2 a6 6. Bxd7+ Qxd7 7. c3 Nc6 8. f4 c4 9. Nf3 f6 10. 0-0 Bd6 11. Nbd2 Nge7 12. Rb1 e5 13. b3 e4 14. Ne1 cxb3 15. Nxb3 0-0 16. c4 f5 17. cxd5 Nxd5 18. Qc4 Qe6 19. Nc2 Rac8 20. Rf2 Ncb4 21. Nc5 Bxc5 22. dxc5 b6 23. Nd4 Qd7 24. a3 Rxc5 25. Qf1 Nd3 26. Nb3 Nxf2 27. Nxc5 bxc5 28. Qxf2 a5 29. Qa2 Kh8 30. Qc4 Rc8 31. Rb5 Qd8 32. Rxc5 Rxc5 33. Qxc5 h6 34. a4 Qc7 35. Qf8+ Kh7 36. Bd2 Qb6 37. Qxf5+ Kh8 38. Qxd5 1-0

[Event "Wuertemberg-ch U16/18 Girls"]
[Site "Germany"]
[Date "2004.04.13"]
[Round "2"]
[White "Hahn, Eva Katharina"]
[Black "Kern, Michaela"]
[Result "1-0"]
[WhiteElo "1122"]
[BlackElo "1041"]
[PlyCount "115"]
[EventDate "2004.04.??"]
[EventType "swiss"]
[EventRounds "7"]
[EventCountry "GER"]
[SourceTitle "EXT 2005"]
[Source "ChessBase"]
[SourceDate "2004.11.15"]
[SourceVersion "1"]
[SourceVersionDate "2004.11.15"]
[SourceQuality "1"]

1. d4 d5 2. c4 c6 3. Nf3 Nf6 4. Bg5 Nbd7 5. e3 e6 6. a3 Be7 7. Nc3 h6 8. Bxf6 Nxf6 9. cxd5 cxd5 10. Bb5+ Bd7 11. Bxd7+ Qxd7 12. Qa4 Qxa4 13. Nxa4 Rc8 14. 0-0 0-0 15. Rac1 b6 16. b4 Nd7 17. Ne5 Nxe5 18. dxe5 Rfd8 19. g3 Rxc1 20. Rxc1 d4 21. Rc7 Bf8 22. Rxa7 b5 23. Nc5 dxe3 24. fxe3 Rd5 25. Nd7 Be7 26. Ra8+ Kh7 27. Ra7 Bd8 28. Kg2 Kg8 29. Kh3 g6 30. e4 Rd3 31. Nc5 Rd1 32. Nb7 Bc7 33. Nc5 Bxe5 34. Ra5 Ra1 35. Nb3 Ra2 36. Rxb5 Rxa3 37. Nc5 Bd4 38. Kg4 Kg7 39. Rb7 Rc3 40. Nxe6+ Kf6 41. Nxd4 Rc4 42. Rb6+ Kg7 43. Rd6 Rxb4 44. e5 Kf8 45. Kh3 Rb2 46. Rc6 Rd2 47. Nf3 Rd3 48. Nh4 Kg7 49. Rc7 Re3 50. Rc5 Re4 51. Kg2 g5 52. Nf5+ Kg6 53. Nd6 Re2+ 54. Kg1 f6 55. Nc4 fxe5 56. Nxe5+ Kf6 57. Ng4+ Kg7 58. Rc7+ 1-0